| 000 | 01866nam0a2200385 4500 | ||
|---|---|---|---|
| 001 | RU\NLR\bibl\1040835 | ||
| 005 | 20260407103250.0 | ||
| 010 |
_a5-903360-05-X _9500 |
||
| 021 |
_aRU _b2006-82847 _94195 |
||
| 035 | _a(nilc)RSL-KNO-003004705 | ||
| 035 | _a(NLR Aleph) 001028231 | ||
| 090 |
_a741931 _c741931 |
||
| 100 | _a20061219d2006 |||y0rusy50 ca | ||
| 101 | 0 | _arus | |
| 102 | _aRU | ||
| 105 | _ay zzzz||||| | ||
| 106 | _ar | ||
| 200 | 1 |
_aБлаготворительность в моем городе _eанализ перспектив развития благотворительности в городах Подмосковья _f[Оберемко О.А.] _gФонд "Ин-т социальной и гендерной политики" |
|
| 210 |
_aМосква _cВариант _d2006 _eМ. _gМосковская типография N 6 |
||
| 215 |
_a76 с. _d24 |
||
| 300 | _aАвт. указан на обороте тит. л. | ||
| 300 | _aНа тит. л.: 2006. Год благотворительности в России : национальная инициатива | ||
| 606 | 1 |
_aБлаготворительность _yМосковская область _92310281 _3RU\NLR\auth\661382706 |
|
| 610 | 0 | _aЭкономика -- Российская Федерация -- Благотворительность | |
| 610 | 0 | _aсоциальная ответственность | |
| 686 |
_aУ9(2)278,0 _2rubbk |
||
| 686 | _aУ27(2)68(2Р-4Мо) | ||
| 700 | 1 |
_aОберемко _bО. А. _gОлег Алексеевич _4070 |
|
| 712 | 0 | 2 |
_4570 _aИнститут социальной и гендерной политики _cМосква _3RU\NLR\AUTH\8810058363 _9617856 |
| 801 | 0 |
_aRU _bРКП _c20061219 |
|
| 801 | 1 |
_aRU _bРГБ _c20061219 |
|
| 801 | 2 |
_aRU _bNLR _c20070205 _grcr |
|
| 942 | _cBOOK | ||
| 980 | _aNB | ||